[Event "IECG CP.2002.S.00006 email"]
[Site "IECG email"]
[Date "2005.04.01"]
[Round "?"]
[White "Amann, Klaus"]
[Black "Van Dijk, HLL"]
[Result "1-0"]
[WhiteElo "1908"]
[BlackElo "2221"]
[PlyCount "25"]
[EventDate "2005.04.01"]
[EventType "tourn (corr)"]
[EventRounds "6"]
[EventCountry "RUS"]
[SourceTitle "Corr 2024"]
[Source "ChessBase"]
[SourceDate "2023.10.19"]
[SourceVersion "1"]
[SourceVersionDate "2023.10.19"]
[SourceQuality "1"]

1. e4 e6 2. d4 d5 3. Nc3 Bb4 4. e5 b6 5. a3 Bxc3+ 6. bxc3 Ne7 7. Qg4 Ng6 8. h4 h5 9. Qd1 Ba6 10. Bxa6 Nxa6 11. Qd3 Nb8 12. Ne2 Nc6 13. Bg5 1-0

[Event "IECG CP.2002.S.00006 email"]
[Site "IECG email"]
[Date "2005.04.01"]
[Round "?"]
[White "Kund, Wolfgang"]
[Black "Van Dijk, HLL"]
[Result "1-0"]
[WhiteElo "2231"]
[BlackElo "2221"]
[PlyCount "37"]
[EventDate "2005.04.01"]
[EventType "tourn (corr)"]
[EventRounds "6"]
[EventCountry "RUS"]
[SourceTitle "Corr 2008"]
[Source "ChessBase"]
[SourceDate "2008.06.24"]
[SourceVersion "1"]
[SourceVersionDate "2008.06.24"]
[SourceQuality "1"]

1. Nf3 Nf6 2. d4 d5 3. c4 c6 4. Nc3 dxc4 5. a4 Bf5 6. Ne5 e6 7. f3 Bb4 8. e4 Bxe4 9. fxe4 Nxe4 10. Bd2 Qxd4 11. Nxe4 Qxe4+ 12. Qe2 Bxd2+ 13. Kxd2 Qd5+ 14. Kc2 Na6 15. Nxc4 b5 16. axb5 Nb4+ 17. Kc3 cxb5 18. Rd1 Qc5 19. Qe5 1-0

[Event "IECG CP.2002.S.00006 email"]
[Site "IECG email"]
[Date "2005.04.01"]
[Round "?"]
[White "Van Dijk, HLL"]
[Black "Vilyavin, Roman"]
[Result "0-1"]
[WhiteElo "2221"]
[BlackElo "2091"]
[PlyCount "20"]
[EventDate "2005.04.01"]
[EventType "tourn (corr)"]
[EventRounds "6"]
[EventCountry "RUS"]
[SourceTitle "Corr 2024"]
[Source "ChessBase"]
[SourceDate "2023.10.19"]
[SourceVersion "1"]
[SourceVersionDate "2023.10.19"]
[SourceQuality "1"]

1. e4 c5 2. Nc3 Nc6 3. g3 g6 4. Bg2 Bg7 5. d3 d6 6. Nge2 e6 7. Be3 Nd4 8. Qd2 Ne7 9. 0-0-0 Qb6 10. Rde1 h5 0-1

[Event "IECG CP.2003.Q.00014 email"]
[Site "IECG email"]
[Date "2005.01.15"]
[Round "?"]
[White "Schubert, Steffen"]
[Black "Van Dijk, HLL"]
[Result "1-0"]
[WhiteElo "2104"]
[BlackElo "2224"]
[PlyCount "59"]
[EventDate "2005.01.15"]
[EventType "tourn (corr)"]
[EventRounds "6"]
[SourceTitle "Corr 2008"]
[Source "ChessBase"]
[SourceDate "2008.06.24"]
[SourceVersion "1"]
[SourceVersionDate "2008.06.24"]
[SourceQuality "1"]

1. e4 c5 2. Nf3 d6 3. d4 cxd4 4. Nxd4 Nf6 5. Nc3 g6 6. Be3 Bg7 7. f3 0-0 8. Qd2 Nc6 9. 0-0-0 d5 10. exd5 Nxd5 11. Nxc6 bxc6 12. Nxd5 cxd5 13. Qxd5 Qc7 14. Qc5 Qb7 15. Qa3 Bf5 16. Bd3 Rab8 17. b3 Qc6 18. Bxf5 Qc3 19. Bd3 Rfd8 20. Bf2 Rb5 21. Rhe1 Ra5 22. Qxe7 Rxa2 23. Qxd8+ Bf8 24. Qxf8+ Kxf8 25. Bc5+ Qxc5 26. Kd2 Qg5+ 27. Kc3 Qxg2 28. b4 Qxf3 29. Kb3 Ra6 30. Rd2 1-0

[Event "IECG CP.2003.Q.00014 email"]
[Site "IECG email"]
[Date "2005.01.15"]
[Round "?"]
[White "Van Dijk, HLL"]
[Black "Pitirimov, Sergey Yurievich"]
[Result "0-1"]
[WhiteElo "2224"]
[BlackElo "2045"]
[PlyCount "36"]
[EventDate "2005.01.15"]
[EventType "tourn (corr)"]
[EventRounds "6"]
[SourceTitle "Corr 2008"]
[Source "ChessBase"]
[SourceDate "2008.06.24"]
[SourceVersion "1"]
[SourceVersionDate "2008.06.24"]
[SourceQuality "1"]

1. e4 e5 2. Nf3 Nf6 3. d4 Nxe4 4. Bd3 d5 5. Nxe5 Nd7 6. Nxd7 Bxd7 7. 0-0 Bd6 8. c4 c6 9. cxd5 cxd5 10. Qh5 0-0 11. Qxd5 Bc6 12. Qh5 g6 13. Qh3 Ng5 14. Bxg5 Qxg5 15. Nc3 Rae8 16. Rad1 Re7 17. d5 Bd7 18. Ne4 Rxe4 0-1

[Event "IECG CP.2002.Q.00012 email"]
[Site "IECG email"]
[Date "2003.10.01"]
[Round "?"]
[White "Huizer, Mark A"]
[Black "Van Dijk, HLL"]
[Result "1/2-1/2"]
[WhiteElo "1906"]
[BlackElo "2219"]
[PlyCount "65"]
[EventDate "2003.10.01"]
[EventType "tourn (corr)"]
[EventRounds "10"]
[SourceTitle "Corr 2008"]
[Source "ChessBase"]
[SourceDate "2008.06.24"]
[SourceVersion "1"]
[SourceVersionDate "2008.06.24"]
[SourceQuality "1"]

1. e4 e6 2. d4 d5 3. exd5 exd5 4. Nf3 Bd6 5. c4 Nf6 6. Nc3 0-0 7. h3 Re8+ 8. Be2 dxc4 9. 0-0 Be6 10. Ng5 Qd7 11. Nxe6 Qxe6 12. Qa4 c6 13. Bxc4 Qe7 14. Qc2 Nbd7 15. Bg5 h6 16. Bd2 Bc7 17. g3 Nb6 18. Bb3 Qd7 19. Kg2 Nbd5 20. Nxd5 Nxd5 21. Rfe1 Bb6 22. Qd3 Nf6 23. Bc3 Rad8 24. Rxe8+ Rxe8 25. a4 a5 26. Rd1 Nd5 27. Re1 Rxe1 28. Bxe1 Qe6 29. Bd2 h5 30. h4 g6 31. Bc4 Qg4 32. Bxd5 cxd5 33. Bf4 1/2-1/2

[Event "IECG CP.2003.P.00055 email"]
[Site "IECG email"]
[Date "2003.10.01"]
[Round "?"]
[White "Van Dijk, HLL"]
[Black "Kluwe, Matthias"]
[Result "1-0"]
[WhiteElo "2219"]
[BlackElo "1330"]
[PlyCount "57"]
[EventDate "2003.10.01"]
[EventType "tourn (corr)"]
[EventRounds "6"]
[EventCountry "LTU"]
[SourceTitle "Corr 2008"]
[Source "ChessBase"]
[SourceDate "2008.06.24"]
[SourceVersion "1"]
[SourceVersionDate "2008.06.24"]
[SourceQuality "1"]

1. d4 g6 2. c4 Bg7 3. e4 c5 4. d5 d6 5. Nc3 Nf6 6. f4 e6 7. Nf3 exd5 8. cxd5 0-0 9. Be2 Bg4 10. 0-0 Nbd7 11. Re1 Ne8 12. Be3 Qe7 13. Qd3 f5 14. e5 dxe5 15. d6 Qxd6 16. Qxd6 Nxd6 17. Rad1 exf4 18. Rxd6 fxe3 19. Rxd7 b6 20. Bc4+ Kh8 21. Ng5 f4 22. Nf7+ Rxf7 23. Rxf7 g5 24. h4 h6 25. hxg5 hxg5 26. Ne4 Bh5 27. Rb7 g4 28. Ng5 Bg6 29. Kf1 1-0

[Event "IECG CP.2003.P.00055 email"]
[Site "IECG email"]
[Date "2003.10.01"]
[Round "?"]
[White "Van Dijk, HLL"]
[Black "Loskarn, Peter"]
[Result "1-0"]
[WhiteElo "2219"]
[BlackElo "2058"]
[PlyCount "25"]
[EventDate "2003.10.01"]
[EventType "tourn (corr)"]
[EventRounds "6"]
[EventCountry "LTU"]
[SourceTitle "Corr 2024"]
[Source "ChessBase"]
[SourceDate "2023.10.19"]
[SourceVersion "1"]
[SourceVersionDate "2023.10.19"]
[SourceQuality "1"]

1. e4 c6 2. d4 d5 3. e5 Bf5 4. Nc3 e6 5. g4 Bg6 6. Nge2 c5 7. h4 h5 8. Nf4 cxd4 9. Nxg6 fxg6 10. Nb5 Bc5 11. gxh5 gxh5 12. Nxd4 Bb6 13. Nxe6 1-0

[Event "IECG CP.2002.Q.00012 email"]
[Site "IECG email"]
[Date "2003.10.01"]
[Round "?"]
[White "Van Dijk, HLL"]
[Black "Raffaele, Enzo"]
[Result "1-0"]
[WhiteElo "2219"]
[BlackElo "2256"]
[PlyCount "44"]
[EventDate "2003.10.01"]
[EventType "tourn (corr)"]
[EventRounds "10"]
[SourceTitle "Corr 2008"]
[Source "ChessBase"]
[SourceDate "2008.06.24"]
[SourceVersion "1"]
[SourceVersionDate "2008.06.24"]
[SourceQuality "1"]

1. e4 c5 2. Nf3 d6 3. d4 cxd4 4. Nxd4 Nf6 5. Nc3 a6 6. Bg5 e6 7. f4 Qc7 8. Qf3 b5 9. Bxf6 gxf6 10. e5 d5 11. exf6 b4 12. Nce2 Nd7 13. f5 e5 14. Qxd5 Qb7 15. Nc6 Bc5 16. 0-0-0 Qc7 17. Nxe5 Qxe5 18. Qxa8 0-0 19. Qf3 Kh8 20. Kb1 Nxf6 21. Ng3 Qe7 22. Bc4 Bb7 1-0

[Event "IECG CM.2002.0.00170 email"]
[Site "IECG email"]
[Date "2002.02.13"]
[Round "?"]
[White "Van Dijk, HLL"]
[Black "Kund, Wolfgang"]
[Result "1-0"]
[WhiteElo "2261"]
[BlackElo "2271"]
[PlyCount "59"]
[EventDate "2002.02.13"]
[EventType "tourn (corr)"]
[EventRounds "6"]
[SourceTitle "Corr 2008"]
[Source "ChessBase"]
[SourceDate "2008.06.24"]
[SourceVersion "1"]
[SourceVersionDate "2008.06.24"]
[SourceQuality "1"]

1. d4 Nf6 2. c4 g6 3. Nc3 d5 4. Nf3 Bg7 5. Qb3 dxc4 6. Qxc4 0-0 7. e4 Na6 8. Bf4 b6 9. Rd1 Bb7 10. e5 Ne8 11. d5 Nc5 12. b4 Nd7 13. Be2 a6 14. 0-0 b5 15. Qb3 Nb6 16. Rd2 Qd7 17. Be3 Rd8 18. Rfd1 Rb8 19. Ne4 Qf5 20. Ng3 Qc8 21. Bc5 Qd8 22. Ne4 Na4 23. Be3 h6 24. Nc5 Nxc5 25. bxc5 Bc8 26. e6 Bb7 27. Nh4 Nf6 28. exf7+ Rxf7 29. Nxg6 Ne4 30. Rc2 1-0

[Event "IECG CM.2002.0.00170 email"]
[Site "IECG email"]
[Date "2002.02.13"]
[Round "?"]
[White "Van Dijk, HLL"]
[Black "Percze, Rajmond"]
[Result "1-0"]
[WhiteElo "2261"]
[BlackElo "2025"]
[PlyCount "81"]
[EventDate "2002.02.13"]
[EventType "tourn (corr)"]
[EventRounds "6"]
[SourceTitle "Corr 2008"]
[Source "ChessBase"]
[SourceDate "2008.06.24"]
[SourceVersion "1"]
[SourceVersionDate "2008.06.24"]
[SourceQuality "1"]

1. e4 c5 2. Nf3 e6 3. d4 cxd4 4. Nxd4 a6 5. Bd3 Nf6 6. 0-0 Qc7 7. Qe2 d6 8. c4 g6 9. Nc3 Bg7 10. Rd1 0-0 11. Nf3 Nc6 12. h3 Nd7 13. Be3 b6 14. Rac1 Nc5 15. Bb1 Bb7 16. Bg5 Rae8 17. Qe3 f5 18. Bh6 Rd8 19. Re1 Bxh6 20. Qxh6 Ne5 21. Ng5 fxe4 22. Ncxe4 Bxe4 23. Rxe4 Rf6 24. Rh4 Rd7 25. Rd1 a5 26. Rhd4 Nc6 27. R4d2 e5 28. h4 Rd8 29. h5 Qg7 30. Qxg7+ Kxg7 31. hxg6 hxg6 32. Nf3 Kf7 33. b3 Ke6 34. Ng5+ Ke7 35. g3 Nd4 36. f4 Nce6 37. Nxe6 Rxe6 38. Be4 Kf6 39. Kg2 Rh8 40. Rf2 Rh5 41. fxe5+ 1-0